000
00228 a2200085 4500
041
_a
spa
100
_a
Mecd
245
_a
Normas para la Administracion de los Bienes y Recursos en los centros de participacion Educativa
942
_c
BK
999
_c
15924
_d
15924